Riconosci il Pokémon - Quiz n°943 - Statistics

Statistiche generali
  • Questo quiz è stato fatto 5 volte
  • Il punteggio medio è 9 su 10
Statistiche sulle risposte
Indizio Risposta % Corretto
Tipo Elettro
100%
Stadio evoluzione Forma Baby
100%
Generazione Seconda
100%
Abilità Statico; Spiritovivo
100%
Altezza 0,6 m
75%
Peso 23,5 kg
75%
Tasso di cattura 45 (11.9%)
75%
Sesso 75% ♂, 25% ♀
75%
Pokémon Elekid
75%
Tasso di allevamento Medio-Veloce
75%
Nessun quiz corrispondente trovato
Distribuzione punteggi
Percentuale di utenti per punteggio
Percentile per numero di risposta
I tuoi punteggi nel tempo
Non hai fatto questo quiz